[Event "Florianopolis op 5th"]
[Site "Florianopolis"]
[Date "2019.01.22"]
[Round "2"]
[White "Brand, Oliver"]
[Black "Lara, Diego Costa"]
[Result "0-1"]
[WhiteElo "1243"]
[BlackElo "1678"]
[PlyCount "62"]
[EventDate "2019.01.21"]
[EventType "swiss"]
[EventRounds "10"]
[EventCountry "BRA"]
[SourceTitle "CBM 188 Extra"]
[Source "ChessBase"]
[SourceDate "2019.02.26"]
[SourceVersion "1"]
[SourceVersionDate "2019.02.26"]
[SourceQuality "1"]

1. e4 e6 2. Nf3 d5 3. e5 c5 4. c3 Ne7 5. d4 Nf5 6. Be2 Qb6 7. 0-0 Nc6 8. Nbd2 cxd4 9. Nxd4 Nfxd4 10. cxd4 Qxd4 11. Nf3 Qxd1 12. Rxd1 Bc5 13. Bf4 0-0 14. Rac1 Bb6 15. Nd2 Bc7 16. Nf3 f6 17. Re1 Bxe5 18. Bxe5 fxe5 19. Bb5 e4 20. Nd2 Bd7 21. Red1 Rac8 22. Nxe4 a6 23. Nd6 Rc7 24. Bd3 Rf6 25. g4 Rf4 26. h3 Kf8 27. Re1 g6 28. Kg2 Ke7 29. Kg3 Rd4 30. Nf5+ gxf5 31. Bxf5 h6 0-1

[Event "Florianopolis op 5th"]
[Site "Florianopolis"]
[Date "2019.01.21"]
[Round "1"]
[White "Torres, Eduardo Lisboa"]
[Black "Brand, Oliver"]
[Result "1-0"]
[WhiteElo "1905"]
[BlackElo "1243"]
[PlyCount "39"]
[EventDate "2019.01.21"]
[EventType "swiss"]
[EventRounds "10"]
[EventCountry "BRA"]
[SourceTitle "CBM 188 Extra"]
[Source "ChessBase"]
[SourceDate "2019.02.26"]
[SourceVersion "1"]
[SourceVersionDate "2019.02.26"]
[SourceQuality "1"]

1. d4 Nf6 2. c4 g6 3. f3 d6 4. e4 Bg7 5. Nc3 0-0 6. Bg5 Nbd7 7. Qd2 c5 8. dxc5 dxc5 9. Rd1 Re8 10. e5 Qc7 11. f4 Ng4 12. Nd5 Qd8 13. h3 Nh6 14. g4 f6 15. Bxh6 Bxh6 16. e6 Nf8 17. Nxf6+ exf6 18. Qxd8 Rxd8 19. Rxd8 Kg7 20. e7 1-0